Responses for Show #6808 - Wednesday, April 2, 2014

Battle of the Decades: The 2000s game 3.

Contestants

[<< previous game]

Russ Schumacher, a university professor from Fort Collins, Colorado

Larissa Kelly, an editor for academic competitions from Richmond, California

Tom Kavanaugh, a personal trainer, filmmaker, and singer from St. Louis, Missouri

[next game >>]

Jeopardy! Round responses

NEW IN THE 2000s
AMERICAN IDYLL
TWEETING
LOCAL FOOD MOVEMENT
BINGE WATCHING
"SELF-E"s
    $200 21
Razor

Larissa
    $200 26
Niagara Falls

Tom
    $200 6
a cuckoo

Larissa
    $200 11
(Russ: What are the... taste buds?)

the lips

LarissaRuss
    $200 16
(Nicolas) Cage

Russ
    $200 1
(Tom: [Selecting the clue] Well, since it's my favorite kind of picture, I'm gonna go with "SELF-E"s for $200, please.)
[Laughter]

self-evident

Russ
    $400 22
(Tom: What is Facebook?)

Myspace

TomLarissa
    $400 27
the Appalachian Trail

Tom
    $400 7
a pigeon

Russ
    $400 12
the duodenum

Tom
    $400 17
Superbad

Tom
    $400 2
self-employed

Larissa
    $600 23
a fauxhawk

Russ
    $600 28
Monument Valley

Larissa
    $600 8
a hummingbird

Tom
    $600 13
peristalsis

Larissa
    $600 18
The Lost Weekend

Larissa
    $600 3
self-esteem

Larissa
    $800 24
Prancercise

Triple Stumper
    $800 29
Lake Powell

Russ
    $800 9
a loon

Larissa
    $2,800 14
electrolytes

Larissa
    $800 19
Drunk History

Russ
    $800 4
(Larissa: What is self-taught?)
(Alex: Self-taught, [*]. No. And I gave the correct response. Sorry about that.)
...
(Alex: [Before the Daily Double at clue 14] I think perhaps I misled all three of you a little while ago when I read the categories. I said "SELF-E"s, S-E-L-F in quotation marks, but the "E" was in quotation marks, so your response of "self-taught" may have been because of my mistake. So, we're gonna give you back the $800.)

self-educated

Triple Stumper
    $1000 25
a flash mob

Russ
    $1000 30
Arcadia

Triple Stumper
    $1000 10
(Larissa: What is a warbler?)
(Russ: What is a fly catcher?)

a whippoorwill

LarissaRuss
Triple Stumper
    $1000 15
the pyloric sphincter

Larissa
    $1000 20
Linda Blair

Triple Stumper
    $1000 5
self-effacing

Larissa

Scores at the first commercial break (after clue 15):

Tom Larissa Russ
$1,000 $6,600 -$600

Scores at the end of the Jeopardy! Round:

Tom Larissa Russ
$1,600 $8,400 $2,800

Double Jeopardy! Round responses

WOMEN ON U.S. STAMPS
POP QUIZ
MOUNTAIN RANGES
19th CENTURY ART & ARTISTS
LITERARY TITLES
SAME FIRST & LAST 2 LETTERS
    $400 30
Mother Teresa

Tom
    $400 2
The Sound of Music

Russ
    $400 11
Greece

Tom
    $400 1
Monet

Larissa
    $400 28
Motorcycle Maintenance

Russ
    $400 21
legible

Larissa
    $5,000 29
Greta Garbo

Russ
    $800 4
Cat Stevens

Larissa
    $800 12
the Atlas Mountains

Larissa
    $800 7
(Edvard) Munch

Russ
    $800 26
Bauhaus

Russ
    $800 27
an eraser

Tom
    $1200 17
Queen Isabella

Larissa
    $1200 3
(Tom: What are the... Spanish Music Awards?)

the Latin Grammys

TomRuss
    $1200 13
the Ozarks

Russ
    $1200 8
the Hudson River School

Larissa
    $3,600 16
A Tree Grows in Brooklyn

Larissa
    $1200 24
sheepish

Russ
    $1600 18
(Russ: Who is... Ashe?)

Althea Gibson

TomRuss
    $1600 5
Llewyn Davis

Russ
    $1600 14
the Urals

Tom
    $1600 9
Frederic Remington

Triple Stumper
    $1600 20
(Tom: Who is... Old Yeller?)

Sounder

Tom
Triple Stumper
    $1600 22
Galaga

Russ
    $2000 19
(Alex: She was known for singing "God Bless America"--[*].)

Kate Smith

Triple Stumper
    $2000 6
Devo

Triple Stumper
    $2000 15
the Carpathians

Larissa
    $2000 10
(John) Constable

Tom
    $2000 25
Sonnets from the Portuguese

Larissa
    $2000 23
alluvial

Larissa

Scores at the end of the Double Jeopardy! Round:

Tom Larissa Russ
$5,600 $22,800 $15,400

[wagering suggestions for these scores]

Final Jeopardy! Round responses

MONARCHS
(Alex: It was the largest mosque in Europe.)
...
(Alex: [To Larissa] Suleiman the Magnificent. No, it was [*].)
TomWho Ghengis Khan
$5,600
RussWho is Constantine?
$0
LarissaWho is [something crossed out] Suleiman?
$8,001
Ivan the Terrible

Final scores:

Tom Larissa Russ
$0 $14,799 $15,400
3rd place: $5,000 2nd place: $5,000 Quarterfinalist

Game dynamics:

Coryat scores:

Tom Larissa Russ
$5,600 $18,400 $11,200
11 R,
3 W
23 R
(including 2 DDs),
1 W
17 R
(including 1 DD),
3 W

Combined Coryat: $35,200

[game clues] [game scores] [suggest correction]

Game tape date: 2014-01-22
The J! Archive is created by fans, for fans. Scraping, republication, monetization, and malicious use prohibited; this site may use cookies and collect identifying information. See terms. The Jeopardy! game show and all elements thereof, including but not limited to copyright and trademark thereto, are the property of Jeopardy Productions, Inc. and are protected under law. This website is not affiliated with, sponsored by, or operated by Jeopardy Productions, Inc. Join the discussion at JBoard.tv.